01408 a2200193 4500003000500000005001700005040000900022082001600031100002400047245003700071250001200108260003300120300001100153505085300164650002801017942002501045999001901070952012501089NUST20230127122705.0 cNust a904.429,MOR aMorton, H.V9107897 aIn Search of Wales /cH.v.Morton a8th ed. aLondonbMethuen and Coc1936 a272:p. aI go in Search of Wales find my way to the Border Marches (Page-1), In Which I go to Llangollen hear about the old ladies (Page-18), How I leave Llangollen come to Owen Glendower’s land travel up the lovely (Page-34), I Visit the Cathedral of St. Asaph and the Castle of rhuddlan (Page-52), Tells how I went to Bangor admired a University heard a Pagan dance on the harp. (Page-76), I Explore the Green Isle of Anglesey see the birthplace of owen tudor (Page-90), In Which I vist st. Beuno’s church (Page-111), In which I fail to Climb snowdon in a train but succeed on my feet (Page-135), I go to Bala remember famous Welshmen hear the story of king Arthur.. (Page-162), Welsh rain all the way to Cardigan (Page-194), In which I enter Black Wales at Llanelly (Page-218), I admire Cardiff Travel through the gloomy Rhondda Valley (Page-235).  aSearch of Wales9107898 2ddccBKk904.429,MOR c186172d186172 00102ddc4070aMCSbMCScGENd2016-12-12o904.429,MORpMCS29037r2016-12-08w2016-12-12yBKzAlmirah No.58, Shelf No.3